LEADER 01207nam a2200313 u 4500 001 000000074495 003 CaOOAMICUS 005 20070226122452.0 008 021209s1987 fr u000 u fre u 020 $a2130413870 035 $a10947907 040 $aPUL$bita 100 1 $aD'Hondt, Jacques,$d1920-$0(OLS)http://pul/name/24359 245 10$aHegel :$bphilosophie de l'histoire vivante /$cJacques D'Hondt. 250 $a2éme ed. 260 $aParis :$bPresses Universitaires de France,$c1987. 300 $a486 p. ;$c21 cm 490 1 $aEpiméthée 500 $aContiene indice analitico. 504 $aBibliografia in nota. 600 14$aHegel, Karl,$d1813-1901.$0(OLS)http://pul/subject/22199 830 0$aEpiméthée.$0(OLS)http://pul/title/13231 850 $aPUL 852 $aPUL$W1$xSL Filosofia 1$y2$m86 P 7$j96090$nBK-PRI$b $qStampati$B96090$CPULBib$Z2$F96090 $H $81 941 1 $a8 961 $aINV: 88239 996 $6020$a2130413870$9(OLS)http://pul/number/96656 996 $6245$aHegel :$bphilosophie de l'histoire vivante$9(OLS)http://pul/title/97798 996 $6260$aParis :$bPresses Universitaires de France$9(OLS)http://pul/publisher/47940 LEADER 01315nam a2200313 a 4500 001 000000133083 003 CaOOAMICUS 005 20130311134715.0 008 130311s2012 it u000 u ita r 020 $a978-88-13-30922-0 040 $aPUL$bita 082 04$a346.45 245 03$aLa disciplina dei rapporti bancari :$bnormativa, giurisprudenza e prassi /$ca cura di Fabio Fiorucci. 260 $aPadova :$bCEDAM,$c2012. 300 $aXXVII, 1030 p. ;$c25 cm 490 1 $aSapere diritto ;$v21 500 $aInclude indici. 504 $aBibliografia: p. [965]-999. 650 4$aBanche$xLegislazione$vPeriodici.$0(OLS)http://pul/subject/27652 700 1 $aFiorucci, Fabio,$d1963-$0(OLS)http://pul/name/85778 830 0$aSapere diritto ;$v21.$0(OLS)http://pul/title/137468 850 $aPUL 852 $aPUL$W1$xSL Diritto e Scienze Sociali 3$y79$m348. 45 COLL 3.21$j153016$qDDC 21$B152512$CPULBib$Z2$F152512 $H121778 $82 941 1 $a9 996 $6020$a978-88-13-30922-0$9(OLS)http://pul/number/152053 996 $6082$a346.45$9(OLS)http://pul/classification/372 996 $6245$aLa disciplina dei rapporti bancari :$bnormativa, giurisprudenza e prassi$9(OLS)http://pul/title/168144 996 $6260$aPadova :$bCEDAM$9(OLS)http://pul/publisher/48126